| 000 | 00749nam a2200229Ia 4500 | ||
|---|---|---|---|
| 005 | 20260430150743.0 | ||
| 008 | 008 250103s9999 xx 000 0 hin d | ||
| 037 | _aTheses | ||
| 040 | _aCRL | ||
| 040 | _bhin | ||
| 040 | _chin | ||
| 041 | _2hin | ||
| 041 | _ahin | ||
| 084 | _qCRL | ||
| 100 |
_aपाण्डेय, बीरज, ले. _9865707 |
||
| 245 | 0 | _a21 वीं सदी के हिन्दी उपन्यासों में मानवाधिकार का स्वरूप | |
| 260 | _c2021 | ||
| 300 | _a240पृ0 | ||
| 700 | _aदिल्ली विश्वविद्यालय. कला संकाय. हिन्दी विभाग | ||
| 942 | _cTH | ||
| 999 |
_c1850617 _d1850617 |
||